000 00668nam a2200241Ia 4500
003 OSt
005 20220925192131.0
006 a|||||r|||| 00| 0
007 ta
008 220923b |||||||| |||| 00| 0 eng d
037 _cGeneral Book
040 _aRTL
_cRTL
_beng
041 _2eng
_aeng
082 _aX:76z7, K9
100 _aWatson Donald Stevenson Ed.
_9244036
245 0 _aPrice theory in action
_b A book of readings
250 _a2nd
260 _aBoston
_bHougthon Miffin
_c1969
300 _axi, 400p
_ccm.
650 _aPrice
942 _hX:76z7, K9
_cGB
_2CC
999 _c521060
_d521060